000
00333cam a2200145ua 4500
041
_a
eng
_h
082
_a
822
_b
VAL/PL
100
_a
Valery, Paul .
245
_a
Plays /
_c
Valery.
_h
Textual Documents
260
_a
Lo :
_b
Routledge &Kegan Paul ,
_c
1958.
300
_a
376 ; .
504
_a
942
_c
BK
999
_c
11451
_d
11451